Niezapomniane Jedenastki #27: Arsenal 2003/2004 - Statystyki

Ogólne statystyki
  • Ten quiz został rozwiązany 113 razy
  • Średni wynik to 9 z 11
Statystyki odpowiedzi
Pozycja Kraj Inicjały Zawodnik % Poprawnych
N Francja TH Thierry Henry
99%
LO Anglia AC Ashley Cole
90%
BR Niemcy JL Jens Lehmann
90%
ŚP Francja PV Patrick Vieira
90%
LP Francja RP Robert Pires
89%
ŚO WKS KT Kolo Toure
86%
N Holandia DB Dennis Bergkamp
80%
ŚO Anglia SC Sol Campbell
78%
PP Szwecja FL Freddie Ljungberg
73%
ŚP Brazylia GS Gilberto Silva
65%
PO Kamerun L Lauren
29%
Nie znaleziono quizów pasujących do podanych kryteriów
Rozkład punktacji
Procent ludzi z każdym wynikiem
Percentyl według liczby udzielonych odpowiedzi
Twoja historia wyników
Nie rozwiązałeś tego quizu